[Event "Vellmar Chess Days"]
[Site "chess24.com"]
[Date "2015.08.08"]
[Round "4.26"]
[White "Kalkuhl, Thorsten"]
[Black "Kobs, Stephan"]
[Result "0-1"]
[WhiteElo "1731"]
[BlackElo "1920"]
[PlyCount "90"]
[EventDate "2015.??.??"]
[WhiteTeam "Germany"]
[BlackTeam "Germany"]
[WhiteTeamCountry "GER"]
[BlackTeamCountry "GER"]
[WhiteClock "1:23:08"]
[BlackClock "0:21:33"]

1. c4 g6 2. g3 Bg7 3. Bg2 d6 4. Nc3 e5 5. e3 Nc6 6. Nge2 Be6 7. d3 Qd7 8. O-O
Bh3 9. a3 h5 10. Ne4 h4 11. Ng5 Bxg2 12. Kxg2 f6 13. Ne4 hxg3 14. fxg3 Qh3+ 15.
Kf2 Qxh2+ 16. Ke1 O-O-O 17. b4 d5 18. Nd2 dxc4 19. Nxc4 e4 20. d4 f5 21. Bb2 b5
22. Na5 Ne5 23. Qc2 Nd3+ 24. Kd2 Qxe2+ 25. Kxe2 Rh2+ 26. Kd1 Nxb2+ 27. Kc1 Nd3+
28. Kb1 Rxc2 29. Kxc2 Bh6 30. Nc6 Rd5 31. Rh1 Kd7 32. Nxa7 Bxe3 33. Rh7+ Ne7
34. Rah1 Bxd4 35. Nc8 Kxc8 36. Rxe7 Rd7 37. Rhh7 Rxe7 38. Rxe7 Ne5 39. Rg7 Kb7
40. Rg8 Kc6 41. Rd8 Bf2 42. Re8 Bxg3 43. Kd1 Kd7 44. Rb8 c6 45. Rg8 Ke6 0-1

[Event "Vellmar Chess Days"]
[Site "chess24.com"]
[Date "2015.08.08"]
[Round "4.27"]
[White "Freier, Werner"]
[Black "Linke, Michael"]
[Result "0-1"]
[WhiteElo "1912"]
[BlackElo "1840"]
[PlyCount "116"]
[EventDate "2015.??.??"]
[WhiteTeam "Germany"]
[BlackTeam "Germany"]
[WhiteTeamCountry "GER"]
[BlackTeamCountry "GER"]
[WhiteClock "0:01:02"]
[BlackClock "0:24:23"]

1. d4 d5 2. c4 e6 3. Nc3 Nf6 4. cxd5 exd5 5. Bg5 c6 6. e3 Bf5 7. Qf3 Bg6 8. h4
h6 9. Bxf6 Qxf6 10. Qxf6 gxf6 11. h5 Bh7 12. O-O-O Nd7 13. Bd3 Bxd3 14. Rxd3
Rg8 15. g3 f5 16. Nf3 Be7 17. Rdd1 Bf6 18. Ne2 Nb6 19. b3 Nc8 20. Rdg1 Nd6 21.
Kd1 O-O-O 22. Nh4 Rde8 23. Ke1 Rg5 24. Nf3 Rgg8 25. Kf1 Ne4 26. Kg2 Kc7 27. Rb1
Nd6 28. Rhc1 a6 29. Nf4 Kd7 30. Nd3 Kc7 31. a4 Re7 32. Nde5 Bxe5 33. Nxe5 Rg5
34. b4 Kb6 35. b5 axb5 36. a5+ Kxa5 37. Rxc6 bxc6 38. Nxc6+ Ka4 39. Nxe7 b4 40.
f4 Rg7 41. Ra1+ Kb3 42. Ra6 f6 43. Nxd5 Ne4 44. Rb6 Rxg3+ 45. Kh2 Kc4 46. Ne7
b3 47. Nxf5 Rf3 48. Nxh6 Rxe3 49. Nf5 Re2+ 50. Kg1 b2 51. h6 Re1+ 52. Kg2 b1=Q
53. Rxb1 Rxb1 54. h7 Rb8 55. d5 Rh8 56. Kf3 Kxd5 57. Ne3+ Kd4 58. Nf5+ Kd3 0-1

[Event "Vellmar Chess Days"]
[Site "chess24.com"]
[Date "2015.08.08"]
[Round "4.28"]
[White "van Leyen, Peter"]
[Black "Verhoef, Ruud"]
[Result "1/2-1/2"]
[WhiteElo "1730"]
[BlackElo "1911"]
[PlyCount "82"]
[EventDate "2015.??.??"]
[WhiteTeam "Germany"]
[BlackTeam "Netherlands"]
[WhiteTeamCountry "GER"]
[BlackTeamCountry "NED"]
[WhiteClock "0:19:24"]
[BlackClock "0:02:40"]

1. d4 Nf6 2. Nf3 e6 3. e3 b6 4. c4 Bb4+ 5. Bd2 Qe7 6. a3 Bxd2+ 7. Nbxd2 Bb7 8.
Be2 d6 9. O-O O-O 10. Rc1 e5 11. d5 a5 12. b4 axb4 13. axb4 Nbd7 14. Nh4 e4 15.
Nf5 Qe5 16. Bg4 Ra2 17. Nb3 g6 18. Nh6+ Kg7 19. Bxd7 Kxh6 20. Bh3 Kg7 21. Ra1
Rfa8 22. Rxa2 Rxa2 23. Nd4 Qe8 24. Qb3 Qa4 25. Qxa4 Rxa4 26. Rb1 g5 27. Bf5 Kf8
28. h3 Ke7 29. Nb5 Ba6 30. Nc3 Ra3 31. Rc1 Bxc4 32. Nxe4 Nxe4 33. Rxc4 Nd2 34.
Rxc7+ Kf6 35. g4 h5 36. Kg2 hxg4 37. hxg4 Rb3 38. Rc6 Rxb4 39. Rxd6+ Ke5 40.
Rc6 Nc4 41. Rc7 Nd6 1/2-1/2

[Event "Vellmar Chess Days"]
[Site "chess24.com"]
[Date "2015.08.08"]
[Round "4.29"]
[White "Kirschner, Philipp"]
[Black "Bauch, Frank"]
[Result "0-1"]
[WhiteElo "1646"]
[BlackElo "1899"]
[PlyCount "86"]
[EventDate "2015.??.??"]
[WhiteTeam "Germany"]
[BlackTeam "Germany"]
[WhiteTeamCountry "GER"]
[BlackTeamCountry "GER"]
[WhiteClock "0:24:34"]
[BlackClock "0:07:35"]

1. d4 d5 2. c4 c6 3. Nf3 Nf6 4. Nc3 dxc4 5. a4 Bf5 6. e3 e6 7. Bxc4 Bb4 8. O-O
Nbd7 9. Bd2 a5 10. Ne2 Bxd2 11. Nxd2 Nb6 12. Qb3 O-O 13. Ng3 Nxc4 14. Qxc4 Rc8
15. e4 Bg6 16. e5 Nd5 17. Nde4 Qb6 18. Nd6 Rc7 19. Nge4 Bxe4 20. Nxe4 Nf4 21.
g3 Qxd4 22. Qxd4 Ne2+ 23. Kg2 Nxd4 24. Rfd1 Nc2 25. Rac1 Nb4 26. Rc5 b6 27. Rc4
Nd5 28. Rdc1 c5 29. Nd6 Rd7 30. Re4 Rfd8 31. Rd1 Ne7 32. Rc1 Kf8 33. Re3 Nf5
34. Nxf5 exf5 35. e6 fxe6 36. Rxe6 Rd6 37. Rce1 R8d7 38. R1e5 g6 39. Re8+ Kf7
40. Rh8 Kf6 41. Ree8 Re6 42. Rxe6+ Kxe6 43. Rb8 Rd6 0-1

[Event "Vellmar Chess Days"]
[Site "chess24.com"]
[Date "2015.08.08"]
[Round "4.30"]
[White "Kanbach, Mike"]
[Black "Koenig, Friedrich Theodor"]
[Result "1/2-1/2"]
[WhiteElo "1872"]
[BlackElo "1730"]
[PlyCount "55"]
[EventDate "2015.??.??"]
[WhiteTeam "Germany"]
[BlackTeam "Germany"]
[WhiteTeamCountry "GER"]
[BlackTeamCountry "GER"]
[WhiteClock "0:35:10"]
[BlackClock "0:08:22"]

1. d4 d5 2. Nf3 Nf6 3. e3 e6 4. Bd3 Be7 5. O-O O-O 6. Nbd2 Nbd7 7. Re1 b6 8. e4
dxe4 9. Nxe4 Bb7 10. c3 Nxe4 11. Bxe4 Bxe4 12. Rxe4 Nf6 13. Rh4 Nd5 14. Rh3 c5
15. Qd3 g6 16. Bh6 Re8 17. Ne5 Bf6 18. Qf3 Qe7 19. c4 Nb4 20. a3 Bxe5 21. dxe5
Nc2 22. Rf1 Nd4 23. Qg4 f6 24. exf6 Qxf6 25. Bg5 Qf7 26. Qe4 Qf5 27. Qh4 Qf7
28. Qe4 1/2-1/2

[Event "Vellmar Chess Days"]
[Site "chess24.com"]
[Date "2015.08.08"]
[Round "4.31"]
[White "Rafiee, Kayvan"]
[Black "Kuschel, Heidi"]
[Result "1/2-1/2"]
[WhiteElo "1844"]
[BlackElo "1713"]
[PlyCount "41"]
[EventDate "2015.??.??"]
[WhiteTeam "Germany"]
[BlackTeam "Germany"]
[WhiteTeamCountry "GER"]
[BlackTeamCountry "GER"]
[WhiteClock "1:30:30"]
[BlackClock "1:30:30"]

1. e4 e5 2. Nf3 Nc6 3. Bb5 a6 4. Bxc6 dxc6 5. O-O Bg4 6. h3 Bxf3 7. Qxf3 Qf6 8.
Qxf6 Nxf6 9. d3 h6 10. Nd2 Bc5 11. Nc4 Nd7 12. Be3 Bd6 13. f4 exf4 14. Bxf4
Bc5+ 15. Be3 Bxe3+ 16. Nxe3 c5 17. Nd5 Rc8 18. Ne3 g6 19. Rf2 Ne5 20. b3 c6 21.
Raf1 1/2-1/2

[Event "Vellmar Chess Days"]
[Site "chess24.com"]
[Date "2015.08.08"]
[Round "4.32"]
[White "Lukas, Anne"]
[Black "Mueller, Joachim"]
[Result "1-0"]
[WhiteElo "1801"]
[BlackElo "1923"]
[PlyCount "117"]
[EventDate "2015.??.??"]
[WhiteTeam "Germany"]
[BlackTeam "Germany"]
[WhiteTeamCountry "GER"]
[BlackTeamCountry "GER"]
[WhiteClock "0:34:20"]
[BlackClock "0:19:58"]

1. d4 Nf6 2. c4 g6 3. Nc3 Bg7 4. e4 d6 5. Nf3 Bg4 6. Be2 Nbd7 7. Be3 O-O 8. Rb1
e5 9. d5 Ne8 10. Bg5 f6 11. Bh4 c6 12. dxc6 bxc6 13. h3 Bxf3 14. Bxf3 Qc7 15.
Be2 Nc5 16. f3 f5 17. b4 Ne6 18. O-O Nf4 19. Bf2 Nf6 20. Be3 Nxe2+ 21. Qxe2
Rfd8 22. Bg5 h6 23. Bxf6 Bxf6 24. b5 Qb6+ 25. Kh1 Qd4 26. Rbc1 Bg5 27. Rc2 Rac8
28. Rd1 Qe3 29. Qxe3 Bxe3 30. bxc6 Rxc6 31. Nd5 Bg5 32. Rb1 Rdc8 33. Rb4 Rc5
34. Ra4 a5 35. Kg1 Kf7 36. Kf2 Rb8 37. Ke2 Rb1 38. Kd3 Rd1+ 39. Kc3 fxe4 40.
fxe4 Re1 41. Kd3 Rd1+ 42. Ke2 Rb1 43. Ra3 Rg1 44. Kf2 Rd1 45. Rb3 Rd4 46. Rb7+
Kg8 47. Rb8+ Kg7 48. Rcb2 Rd2+ 49. Rxd2 Bxd2 50. Ke2 Bc1 51. Kd3 a4 52. Rb7+
Kf8 53. Rb6 Ba3 54. Rxd6 Ra5 55. Rxg6 Bb2 56. Rxh6 Kg7 57. Rb6 Bd4 58. Rb7+ Kg6
59. Ne7+ 1-0

[Event "Vellmar Chess Days"]
[Site "chess24.com"]
[Date "2015.08.08"]
[Round "4.33"]
[White "Schnegelsberg, Karl-Heinz"]
[Black "Maar, Samuel"]
[Result "1-0"]
[WhiteElo "2006"]
[BlackElo "1902"]
[PlyCount "59"]
[EventDate "2015.??.??"]
[WhiteTeam "Germany"]
[BlackTeam "Germany"]
[WhiteTeamCountry "GER"]
[BlackTeamCountry "GER"]
[WhiteClock "0:32:53"]
[BlackClock "0:03:30"]

1. Nf3 d6 2. g3 Nf6 3. Bg2 e5 4. d3 Be7 5. e4 O-O 6. O-O Nc6 7. a4 Bd7 8. h3 d5
9. Nbd2 Qc8 10. Kh2 Rd8 11. exd5 Nxd5 12. Nc4 e4 13. dxe4 Nf6 14. Qe2 h6 15. c3
g5 16. Nd4 Nxd4 17. cxd4 Kg7 18. f4 Rh8 19. f5 h5 20. e5 Ng4+ 21. hxg4 hxg4+
22. Kg1 Bxf5 23. Be3 Qg8 24. Rxf5 Qh7 25. Qxg4 Qg6 26. Raf1 Raf8 27. Bxg5 Rh5
28. Bf6+ Bxf6 29. exf6+ Kg8 30. Qxh5 1-0

[Event "Vellmar Chess Days"]
[Site "chess24.com"]
[Date "2015.08.08"]
[Round "5.1"]
[White "Balje, Jan"]
[Black "Langheinrich, Ferenc"]
[Result "0-1"]
[WhiteElo "2189"]
[BlackElo "2385"]
[PlyCount "60"]
[EventDate "2015.??.??"]
[WhiteTeam "Netherlands"]
[BlackTeam "Germany"]
[WhiteTeamCountry "NED"]
[BlackTeamCountry "GER"]
[WhiteClock "0:39:13"]
[BlackClock "0:44:41"]

1. d4 Nf6 2. c4 e6 3. g3 d5 4. Nf3 Bb4+ 5. Bd2 Bd6 6. Bg2 O-O 7. c5 Be7 8. Nc3
a5 9. a3 Ne4 10. b4 Nxd2 11. Kxd2 b6 12. e3 bxc5 13. bxc5 Nc6 14. Qc2 Bf6 15.
Rhd1 e5 16. Nxe5 Nxe5 17. dxe5 Bxe5 18. Ke1 c6 19. Kf1 Qe7 20. Rac1 Bg4 21. Ne2
Rab8 22. Rd2 Bb2 23. Qxb2 Rxb2 24. Rxb2 Bxe2+ 25. Kxe2 d4 26. Rb3 dxe3 27. Rxe3
Qf6 28. Rd1 Rb8 29. Rd2 g6 30. Bf3 Rb1 0-1

[Event "Vellmar Chess Days"]
[Site "chess24.com"]
[Date "2015.08.08"]
[Round "5.2"]
[White "Dorst, Johannes"]
[Black "Hilverda, Alexander"]
[Result "0-1"]
[WhiteElo "2207"]
[BlackElo "2382"]
[PlyCount "82"]
[EventDate "2015.??.??"]
[WhiteTeam "Germany"]
[BlackTeam "Germany"]
[WhiteTeamCountry "GER"]
[BlackTeamCountry "GER"]
[WhiteClock "0:13:37"]
[BlackClock "0:22:57"]

1. e4 c5 2. Nf3 e6 3. d4 cxd4 4. Nxd4 Nc6 5. Nc3 Qc7 6. Nxc6 bxc6 7. Bd3 Nf6 8.
O-O Be7 9. Qe2 d5 10. e5 Nd7 11. f4 a5 12. Kh1 g6 13. Na4 Nb6 14. Nxb6 Qxb6 15.
a4 Ba6 16. Bd2 Bxd3 17. Qxd3 O-O 18. b3 Rfc8 19. Rae1 Bb4 20. Bxb4 Qxb4 21. g4
c5 22. c4 dxc4 23. bxc4 Qxa4 24. f5 Qc6+ 25. Kg1 Rd8 26. Qe3 Rd4 27. Rf4 Rad8
28. f6 Rd3 29. Qc1 h6 30. Rfe4 Kh7 31. Qb1 R8d4 32. Qb5 Qa8 33. Rxd4 Rxd4 34.
Re3 Rd1+ 35. Kf2 Qh1 36. Qe8 Qxh2+ 37. Kf3 Rf1+ 38. Ke4 Qc2+ 39. Rd3 Qxc4+ 40.
Ke3 Qf4+ 41. Ke2 Qf2# 0-1

[Event "Vellmar Chess Days"]
[Site "chess24.com"]
[Date "2015.08.08"]
[Round "5.3"]
[White "Hahn, Markus"]
[Black "Schroeder, Kevin"]
[Result "1/2-1/2"]
[WhiteElo "2303"]
[BlackElo "2175"]
[PlyCount "125"]
[EventDate "2015.??.??"]
[WhiteTeam "Germany"]
[BlackTeam "Germany"]
[WhiteTeamCountry "GER"]
[BlackTeamCountry "GER"]
[WhiteClock "0:09:54"]
[BlackClock "0:27:00"]

1. d4 Nf6 2. c4 e6 3. Nf3 Bb4+ 4. Bd2 c5 5. g3 Bxd2+ 6. Qxd2 Ne4 7. Qc2 Qa5+ 8.
Nbd2 Nxd2 9. Qxd2 Qxd2+ 10. Kxd2 b6 11. Bg2 Bb7 12. d5 Na6 13. e4 O-O 14. Ne5
d6 15. Nd3 Nc7 16. Rab1 Rae8 17. b4 cxb4 18. Rxb4 e5 19. a4 Na6 20. Rb2 Rc8 21.
a5 Rxc4 22. axb6 Ra8 23. Rhb1 Kf8 24. bxa7 Bc8 25. Ra1 Rxa7 26. Nb4 Rb7 27.
Rxa6 Rbxb4 28. Rxb4 Bxa6 29. Rb6 Rd4+ 30. Kc3 Bd3 31. f3 Ke7 32. Rb7+ Kf6 33.
Rb2 Ba6 34. Rb6 Rd3+ 35. Kb4 Bc8 36. Rxd6+ Ke7 37. Rc6 Bd7 38. Rc2 f5 39. Kc5
g5 40. exf5 Bxf5 41. Re2 Rc3+ 42. Kb4 Rd3 43. g4 Bg6 44. Rxe5+ Kd6 45. Rxg5 Rd2
46. Bf1 Rxh2 47. f4 Rf2 48. f5 Bf7 49. Bd3 Bxd5 50. Rg7 Rf4+ 51. Kc3 Ke5 52. g5
Be4 53. Bxe4 Kxe4 54. f6 h6 55. gxh6 Rxf6 56. h7 Rh6 57. Rf7 Ke5 58. Kd3 Ke6
59. Ra7 Kf5 60. Ra5+ Kg6 61. Ra6+ Kxh7 62. Rxh6+ Kxh6 63. Ke4 1/2-1/2

[Event "Vellmar Chess Days"]
[Site "chess24.com"]
[Date "2015.08.08"]
[Round "5.4"]
[White "Yu, Ting"]
[Black "Sieber, Fiona"]
[Result "1-0"]
[WhiteElo "2148"]
[BlackElo "2098"]
[PlyCount "51"]
[EventDate "2015.??.??"]
[WhiteTeam "China"]
[BlackTeam "Germany"]
[WhiteTeamCountry "CHN"]
[BlackTeamCountry "GER"]
[WhiteClock "0:39:19"]
[BlackClock "0:48:57"]

1. e4 c5 2. Nf3 d6 3. d4 cxd4 4. Nxd4 Nf6 5. Nc3 Nc6 6. Bc4 e6 7. Be3 Be7 8.
Qe2 a6 9. Bb3 Qc7 10. O-O-O Na5 11. g4 b5 12. g5 Nxb3+ 13. axb3 Nd7 14. f4 b4
15. Na4 Nc5 16. f5 e5 17. Nf3 Nxb3+ 18. Kb1 Nc5 19. Qc4 Bd7 20. Nxc5 dxc5 21.
Rxd7 Kxd7 22. Qd5+ Bd6 23. Nxe5+ Ke7 24. f6+ gxf6 25. gxf6+ Kxf6 26. Rf1+ 1-0

[Event "Vellmar Chess Days"]
[Site "chess24.com"]
[Date "2015.08.08"]
[Round "5.5"]
[White "Koellner, Christoph"]
[Black "Rogozenco, Teodora"]
[Result "1-0"]
[WhiteElo "2021"]
[BlackElo "2096"]
[PlyCount "53"]
[EventDate "2015.??.??"]
[WhiteTeam "Germany"]
[BlackTeam "Germany"]
[WhiteTeamCountry "GER"]
[BlackTeamCountry "GER"]
[WhiteClock "0:16:53"]
[BlackClock "0:19:04"]

1. d4 Nf6 2. Nf3 d5 3. e3 Bf5 4. Bd3 Bxd3 5. cxd3 e6 6. Qb3 Qc8 7. Nc3 c5 8. e4
Nc6 9. dxc5 dxe4 10. Nxe4 Nxe4 11. dxe4 Bxc5 12. O-O O-O 13. Bf4 Nd4 14. Nxd4
Bxd4 15. Rac1 Qd8 16. Qxb7 e5 17. Be3 Rb8 18. Qd5 Rxb2 19. Bxd4 exd4 20. Rfd1
Qf6 21. Qxd4 Qxd4 22. Rxd4 Rxa2 23. Rd7 f5 24. e5 Rf7 25. e6 Rf8 26. g3 Ra4 27.
h3 1-0

[Event "Vellmar Chess Days"]
[Site "chess24.com"]
[Date "2015.08.08"]
[Round "5.6"]
[White "Gassmann, Volker"]
[Black "Ziegenfuss, Holger"]
[Result "0-1"]
[WhiteElo "2207"]
[BlackElo "2032"]
[PlyCount "100"]
[EventDate "2015.??.??"]
[WhiteTeam "Germany"]
[BlackTeam "Germany"]
[WhiteTeamCountry "GER"]
[BlackTeamCountry "GER"]
[WhiteClock "0:07:59"]
[BlackClock "0:23:42"]

1. c4 c5 2. Nf3 Nf6 3. Nc3 d5 4. cxd5 Nxd5 5. g3 Nc6 6. Bg2 Nc7 7. O-O e5 8. d3
Bd7 9. Be3 Rc8 10. Nd2 Be7 11. Rc1 O-O 12. Nc4 f6 13. Re1 Kh8 14. Nd5 Nxd5 15.
Bxd5 Bg4 16. Bh1 Qd7 17. Qa4 Rfd8 18. Bxc6 Rxc6 19. a3 a6 20. Na5 b5 21. Qxg4
Qxg4 22. Nxc6 Re8 23. Nxe7 Rxe7 24. Rxc5 h5 25. b4 f5 26. f3 Qg6 27. Kh1 Qe6
28. Kg2 Qb3 29. Bc1 Re6 30. Kf2 Kh7 31. Rg1 Kg8 32. h3 e4 33. dxe4 fxe4 34. f4
e3+ 35. Kg2 g6 36. Re1 Kg7 37. Rc7+ Kh6 38. Rd7 Qc2 39. Rd3 Qc6+ 40. Kg1 h4 41.
g4 g5 42. fxg5+ Kg6 43. Bxe3 Qe8 44. Kf2 Qf7+ 45. Kg1 Qe8 46. Bd2 Rxe2 47. Rd6+
Kh7 48. g6+ Kg8 49. Rf1 Qa8 50. Rf2 Rxf2 0-1

[Event "Vellmar Chess Days"]
[Site "chess24.com"]
[Date "2015.08.08"]
[Round "5.7"]
[White "Biastoch, Bennet"]
[Black "Kersten, Uwe"]
[Result "1/2-1/2"]
[WhiteElo "2046"]
[BlackElo "2300"]
[PlyCount "89"]
[EventDate "2015.??.??"]
[WhiteTeam "Germany"]
[BlackTeam "Germany"]
[WhiteTeamCountry "GER"]
[BlackTeamCountry "GER"]
[WhiteClock "0:27:31"]
[BlackClock "0:17:20"]

1. e4 c5 2. Nf3 e6 3. d4 cxd4 4. Nxd4 a6 5. Bd3 Nc6 6. Nxc6 dxc6 7. Be3 e5 8.
O-O Nf6 9. h3 Be6 10. a4 a5 11. Qe2 Nd7 12. Nd2 Bc5 13. Bc4 Qe7 14. Rfd1 O-O
15. Bxe6 Qxe6 16. Nc4 Bxe3 17. Nxe3 Rfd8 18. Nf5 Nf6 19. Rd3 g6 20. Ng3 Rd6 21.
Rad1 Rad8 22. b3 Rxd3 23. Rxd3 Rxd3 24. Qxd3 Nd7 25. Qc3 b6 26. Qd3 Kf8 27. Kf1
Ke7 28. Ke2 Nc5 29. Qd2 Qf6 30. Qe3 Qh4 31. b4 axb4 32. a5 Qf4 33. axb6 Qxe3+
34. Kxe3 Kd7 35. Nf1 Na4 36. b7 Kc7 37. Nd2 Nb6 38. Kd3 Kxb7 39. Nc4 Nd7 40.
Nd6+ Kb6 41. Nxf7 Kb5 42. g3 c5 43. Nd6+ Kc6 44. Nf7 Kb5 45. Nd6+ 1/2-1/2

[Event "Vellmar Chess Days"]
[Site "chess24.com"]
[Date "2015.08.08"]
[Round "5.8"]
[White "Verhoef, Pieter"]
[Black "Humburg, Philipp"]
[Result "0-1"]
[WhiteElo "2015"]
[BlackElo "2186"]
[PlyCount "62"]
[EventDate "2015.??.??"]
[WhiteTeam "Netherlands"]
[BlackTeam "Germany"]
[WhiteTeamCountry "NED"]
[BlackTeamCountry "GER"]
[WhiteClock "0:17:15"]
[BlackClock "0:46:05"]

1. e4 c5 2. Nc3 e6 3. f4 d5 4. Nf3 d4 5. Bb5+ Bd7 6. Bxd7+ Nxd7 7. Ne2 Ngf6 8.
d3 Be7 9. O-O Qc7 10. a4 O-O 11. b3 Ng4 12. h3 Nh6 13. f5 exf5 14. Bxh6 gxh6
15. exf5 Rae8 16. Nd2 Bg5 17. Ne4 Be3+ 18. Kh1 Kh8 19. Qe1 Rg8 20. Qh4 Bg5 21.
Qf2 Be3 22. Qh4 Bg5 23. Qf2 Rxe4 24. dxe4 Nf6 25. Qf3 Qe5 26. Ng3 Be3 27. Nh5
Nxe4 28. Rfe1 Rg3 29. Qe2 Qxf5 30. Kh2 Qe5 31. Kh1 Rg5 0-1

[Event "Vellmar Chess Days"]
[Site "chess24.com"]
[Date "2015.08.08"]
[Round "5.9"]
[White "Rothe, Guido"]
[Black "Grosse-Hering, Peter"]
[Result "1-0"]
[WhiteElo "2179"]
[BlackElo "1995"]
[PlyCount "43"]
[EventDate "2015.??.??"]
[WhiteTeam "Germany"]
[BlackTeam "Germany"]
[WhiteTeamCountry "GER"]
[BlackTeamCountry "GER"]
[WhiteClock "0:22:50"]
[BlackClock "0:22:54"]

1. e4 d6 2. d4 Nf6 3. Nc3 g6 4. f3 Bg7 5. Be3 c6 6. Qd2 h6 7. Nge2 Nbd7 8. Nf4
Qa5 9. Bc4 b5 10. Bb3 b4 11. Nce2 Ba6 12. O-O Qb5 13. a3 g5 14. Nd3 c5 15. dxc5
dxc5 16. axb4 cxb4 17. Ba4 Qc4 18. e5 Nd5 19. Bxd7+ Kxd7 20. Rxa6 Ke8 21. Rxa7
Rc8 22. Rfa1 1-0

[Event "Vellmar Chess Days"]
[Site "chess24.com"]
[Date "2015.08.08"]
[Round "5.10"]
[White "Krausse, Eckhard"]
[Black "Heinelt, Manfred"]
[Result "0-1"]
[WhiteElo "1999"]
[BlackElo "2171"]
[PlyCount "78"]
[EventDate "2015.??.??"]
[WhiteTeam "Germany"]
[BlackTeam "Germany"]
[WhiteTeamCountry "GER"]
[BlackTeamCountry "GER"]
[WhiteClock "0:01:54"]
[BlackClock "0:38:37"]

1. e4 c5 2. Nf3 d6 3. g3 Nf6 4. d3 Nc6 5. Bg2 e6 6. O-O Be7 7. Re1 O-O 8. Nbd2
Bd7 9. e5 dxe5 10. Nc4 Qc7 11. Ncxe5 Nxe5 12. Nxe5 Be8 13. Bd2 Rd8 14. Qe2 Nd5
15. a3 b5 16. h4 a5 17. a4 bxa4 18. Bxd5 Rxd5 19. Nc4 Bf6 20. Bxa5 Qb8 21. Qd2
Bd4 22. Kh2 Rh5 23. Kg2 Bc6+ 24. f3 Rf5 25. Re4 Bxe4 26. dxe4 Rf6 27. f4 Qb5
28. Qd3 Bxb2 29. Nxb2 Qxa5 30. Rxa4 Qe1 31. e5 Rg6 32. Rc4 f6 33. Rxc5 fxe5 34.
Rxe5 Qb4 35. Nc4 Rxf4 36. h5 Qb7+ 37. Kg1 Qa7+ 38. Kg2 Qf2+ 39. Kh3 Rh4+ 0-1

[Event "Vellmar Chess Days"]
[Site "chess24.com"]
[Date "2015.08.08"]
[Round "5.11"]
[White "Werner, Martin"]
[Black "Clemens, Adrian"]
[Result "1/2-1/2"]
[WhiteElo "1993"]
[BlackElo "2170"]
[PlyCount "54"]
[EventDate "2015.??.??"]
[WhiteTeam "Germany"]
[BlackTeam "Netherlands"]
[WhiteTeamCountry "GER"]
[BlackTeamCountry "NED"]
[WhiteClock "0:09:50"]
[BlackClock "0:12:52"]

1. d4 Nf6 2. Bg5 Ne4 3. Bf4 d5 4. f3 Nf6 5. e4 dxe4 6. Nc3 exf3 7. Nxf3 Bg4 8.
h3 Bxf3 9. Qxf3 c6 10. O-O-O e6 11. Bd3 Nbd7 12. Rhf1 Be7 13. g4 O-O 14. Ne4
Nxe4 15. Qxe4 Nf6 16. Qe2 Nd5 17. Qe4 g6 18. Kb1 Nxf4 19. Rxf4 Bg5 20. Rf3 Qd5
21. Qe2 Rad8 22. Bc4 Qd6 23. Qf2 Qe7 24. Rf1 Kg7 25. a3 h6 26. Qe1 Kg8 27. Qe4
Rde8 1/2-1/2

[Event "Vellmar Chess Days"]
[Site "chess24.com"]
[Date "2015.08.08"]
[Round "5.12"]
[White "Bleecke, Sebastian"]
[Black "Jeske, Mark"]
[Result "1/2-1/2"]
[WhiteElo "1932"]
[BlackElo "2124"]
[PlyCount "106"]
[EventDate "2015.??.??"]
[WhiteTeam "Germany"]
[BlackTeam "Germany"]
[WhiteTeamCountry "GER"]
[BlackTeamCountry "GER"]
[WhiteClock "0:38:47"]
[BlackClock "0:02:42"]

1. e4 c5 2. Nf3 d6 3. d4 cxd4 4. Nxd4 Nf6 5. Nc3 a6 6. Be3 e5 7. Nb3 Be6 8. f3
Be7 9. Qd2 O-O 10. O-O-O a5 11. Bb5 Na6 12. Qe2 Nd7 13. g4 Nc7 14. Bxd7 Qxd7
15. Nc5 Qc6 16. Nxe6 fxe6 17. Rhf1 b5 18. Qd3 Rab8 19. f4 b4 20. Ne2 Rfd8 21.
Ng3 b3 22. axb3 d5 23. f5 a4 24. fxe6 d4 25. Nf5 Qxe6 26. Qc4 Bf6 27. g5 axb3
28. Qxe6+ Nxe6 29. gxf6 dxe3 30. Rxd8+ Rxd8 31. Nxe3 Nc5 32. fxg7 Kxg7 33. Rf5
bxc2 34. Kxc2 Nxe4 35. Rxe5 Nf6 36. b4 Kg6 37. Kb3 Rd2 38. b5 Rxh2 39. Nd5 Nxd5
40. Rxd5 Rf2 41. b6 h5 42. Kb4 h4 43. Kc5 h3 44. b7 Rb2 45. Kc6 Rc2+ 46. Kd6
Rb2 47. Kc7 Rc2+ 48. Kb8 Rc1 49. Rd2 Kg5 50. Ra2 Kg4 51. Ka7 Rc7 52. Kb6 Rxb7+
53. Kxb7 Kg3 1/2-1/2

[Event "Vellmar Chess Days"]
[Site "chess24.com"]
[Date "2015.08.08"]
[Round "5.13"]
[White "Grcic, Vukasin"]
[Black "Zahn, Richard"]
[Result "0-1"]
[WhiteElo "1905"]
[BlackElo "2091"]
[PlyCount "132"]
[EventDate "2015.??.??"]
[WhiteTeam "Serbia"]
[BlackTeam "Germany"]
[WhiteTeamCountry "SRB"]
[BlackTeamCountry "GER"]
[WhiteClock "1:48:29"]
[BlackClock "0:30:11"]

1. e4 e6 2. d4 d5 3. Nd2 c5 4. c3 Nc6 5. Ngf3 Nf6 6. e5 Nd7 7. Bd3 Qb6 8. Qb3
Qxb3 9. axb3 cxd4 10. cxd4 Nb4 11. Bb1 Nb8 12. O-O b6 13. Rd1 Ba6 14. Nf1 Be2
15. Rd2 Bxf3 16. gxf3 N8c6 17. Rd1 Na5 18. Ba2 Nxa2 19. Rxa2 Nxb3 20. Ra6 Bb4
21. Be3 Kd7 22. Ra4 Be7 23. Rd3 Na5 24. Nd2 Rhc8 25. b4 Nc6 26. b5 Na5 27. Kf1
Rc2 28. Nb3 Nc4 29. Ra6 Nb2 30. Rd2 Rxd2 31. Nxd2 Nd3 32. Ke2 Nb4 33. Ra4 a5
34. bxa6 Rxa6 35. Rxa6 Nxa6 36. Kd3 Bb4 37. Nf1 Kc6 38. Ng3 g6 39. h4 Kb5 40.
h5 Ka4 41. hxg6 hxg6 42. Kc2 b5 43. Ne2 Ba5 44. Kb2 b4 45. Nf4 Bd8 46. Nd3 Be7
47. f4 Nb8 48. Ka2 b3+ 49. Kb1 Nc6 50. Nb2+ Kb5 51. Nd3 Ba3 52. Ne1 Kc4 53. Nf3
Be7 54. Nd2+ Kc3 55. Nf3 Bd8 56. Bd2+ Kd3 57. Be3 Bb6 58. Ng5 Bxd4 59. Bxd4
Nxd4 60. Kb2 Ne2 61. Nxf7 Nxf4 62. Kxb3 Ke2 63. Kc3 Kxf2 64. Kd4 Kf3 65. Ng5+
Kg4 66. Nh7 Kf5 0-1

[Event "Vellmar Chess Days"]
[Site "chess24.com"]
[Date "2015.08.08"]
[Round "5.14"]
[White "Von Auer, Ulrich"]
[Black "Koronowski, Heinz-Juergen"]
[Result "1/2-1/2"]
[WhiteElo "2073"]
[BlackElo "1700"]
[PlyCount "142"]
[EventDate "2015.??.??"]
[WhiteTeam "Germany"]
[BlackTeam "Germany"]
[WhiteTeamCountry "GER"]
[BlackTeamCountry "GER"]
[WhiteClock "0:11:27"]
[BlackClock "0:26:30"]

1. d4 Nf6 2. c4 g6 3. Nc3 d5 4. Bf4 Bg7 5. Nf3 O-O 6. Rc1 c5 7. dxc5 Qa5 8.
cxd5 Rd8 9. Bd2 Qxc5 10. Qb3 Na6 11. e4 Qb6 12. Qxb6 axb6 13. Bxa6 bxa6 14. O-O
Bb7 15. Be3 b5 16. a3 Nd7 17. Bd4 Bxd4 18. Nxd4 Ne5 19. Nb3 Rac8 20. Na5 Ba8
21. Rfd1 Kf8 22. Kf1 Ke8 23. Na2 Nd7 24. Rxc8 Rxc8 25. Rc1 Rxc1+ 26. Nxc1 f5
27. exf5 gxf5 28. Nd3 Nb6 29. Nb4 Bxd5 30. Nxa6 Kd7 31. Nb4 Ba8 32. Nb3 e5 33.
Nd2 Kd6 34. f3 Na4 35. b3 Nc5 36. Kf2 Bb7 37. g4 Bc8 38. gxf5 Bxf5 39. Na2 Be6
40. Nc1 Bd5 41. Ke3 Ke6 42. b4 Nd7 43. Nd3 Nb6 44. Nc5+ Kd6 45. h4 Nc4+ 46.
Nxc4+ Bxc4 47. Ne4+ Ke7 48. Nc3 Ke6 49. Ke4 h6 50. a4 bxa4 51. Nxa4 Bd5+ 52.
Ke3 Kd6 53. Nc3 Bf7 54. Ne4+ Kc6 55. Nf6 Kd6 56. Ng4 h5 57. Nf6 Bg6 58. Ne4+
Kc6 59. Nc3 Bf5 60. f4 exf4+ 61. Kxf4 Bg4 62. Ne4 Kb5 63. Nf6 Bd1 64. Kg5 Kxb4
65. Nxh5 Kc5 66. Nf6 Kd6 67. Ng4 Ke7 68. h5 Kf8 69. h6 Bxg4 70. h7 Kg7 71. Kxg4
Kxh7 1/2-1/2